000 00559pab a2200181 454500
008 180718b2004 xxu||||| |||| 00| 0 eng d
100 _aMecharla, Prasada Rao
245 _aRural labour force quality and employability: a case study of two villages in Andhra Pradesh
260 _c2004
300 _ap.773-80.
362 _aOct-Dec
650 _aLabour - Case studies
650 _aEmployment - India - Andhra Pradesh
650 _aLabour - India - Andhra Pradesh
650 _aLabour
773 _aIndian Journal of Labour Economics
909 _a63926
999 _c63926
_d63926